[Event "Titled Tuesday intern op 3rd Oct"]
[Site "Chess.com INT"]
[Date "2017.10.03"]
[Round "2"]
[White "Sorokobjagin, Sergey"]
[Black "Plotnikov, Pavel"]
[Result "1-0"]
[WhiteElo "2253"]
[BlackElo "2297"]
[PlyCount "53"]
[EventDate "2017.10.03"]
[EventType "swiss (blitz)"]
[EventRounds "10"]
[EventCountry "USA"]
[SourceTitle "EXT 2021"]
[Source "ChessBase"]
[SourceDate "2020.10.23"]
[SourceVersion "1"]
[SourceVersionDate "2020.10.23"]
[SourceQuality "1"]

1. d4 e6 2. Nf3 f5 3. c4 Nf6 4. Nc3 Bb4 5. Qb3 a5 6. Bd2 b6 7. a3 Bxc3 8. Bxc3 Bb7 9. d5 exd5 10. Bxf6 Qxf6 11. cxd5 Na6 12. Rd1 Nc5 13. Qc2 a4 14. e3 0-0 15. Bc4 Kh8 16. 0-0 Ba6 17. Bxa6 Rxa6 18. Nd4 d6 19. Qc4 Raa8 20. Nb5 Rf7 21. Rd4 Re8 22. Rfd1 Qg5 23. g3 h6 24. Nc3 Ra8 25. Qb5 Ra5 26. Qe8+ Kh7 27. Qxf7 1-0

[Event "Titled Tuesday intern op 2nd May"]
[Site "Chess.com INT"]
[Date "2017.05.02"]
[Round "9"]
[White "Sorokobjagin, Sergey"]
[Black "Dieyi, Roland"]
[Result "1-0"]
[WhiteElo "2253"]
[BlackElo "2138"]
[PlyCount "77"]
[EventDate "2017.05.02"]
[EventType "swiss (blitz)"]
[EventRounds "10"]
[EventCountry "USA"]
[SourceTitle "EXT 2021"]
[Source "ChessBase"]
[SourceDate "2020.10.23"]
[SourceVersion "1"]
[SourceVersionDate "2020.10.23"]
[SourceQuality "1"]

1. d4 Nf6 2. Nf3 e6 3. c4 d5 4. Nc3 Be7 5. Bg5 0-0 6. e3 b6 7. cxd5 exd5 8. Bd3 Bb7 9. 0-0 h6 10. Bh4 Ne4 11. Bxe7 Qxe7 12. Qc2 Nd7 13. Rfd1 a6 14. Bxe4 dxe4 15. Nd2 Nf6 16. Nc4 Rfe8 17. Ne5 c5 18. Rac1 Rac8 19. Qb3 cxd4 20. exd4 b5 21. a3 Red8 22. Ne2 Bd5 23. Qg3 Bb7 24. h3 Nd5 25. Nf4 Nxf4 26. Qxf4 Qe6 27. Ng4 Bd5 28. Rc5 Bb3 29. Rdc1 Rxc5 30. dxc5 Bc4 31. Ne3 Bd3 32. c6 Rc8 33. c7 a5 34. Rc5 b4 35. axb4 axb4 36. Nf5 Kh7 37. Nd6 Ba6 38. Nxc8 Bxc8 39. Re5 1-0

[Event "Titled Tuesday intern op 2nd May"]
[Site "Chess.com INT"]
[Date "2017.05.02"]
[Round "5"]
[White "Sorokobjagin, Sergey"]
[Black "Iturrizaga Bonelli, Eduardo"]
[Result "1/2-1/2"]
[WhiteElo "2253"]
[BlackElo "2663"]
[PlyCount "109"]
[EventDate "2017.05.02"]
[EventType "swiss (blitz)"]
[EventRounds "10"]
[EventCountry "USA"]
[SourceTitle "EXT 2021"]
[Source "ChessBase"]
[SourceDate "2020.10.23"]
[SourceVersion "1"]
[SourceVersionDate "2020.10.23"]
[SourceQuality "1"]

1. d4 Nf6 2. Nf3 b6 3. Bf4 Bb7 4. e3 g6 5. Be2 Bg7 6. 0-0 0-0 7. h3 c5 8. c3 d6 9. Nbd2 Nc6 10. Bh2 Qc7 11. a4 Rad8 12. Nc4 e5 13. dxe5 dxe5 14. Qb3 Nd5 15. a5 Kh8 16. axb6 Nxb6 17. Rfd1 Nxc4 18. Qxc4 Qe7 19. Bg3 e4 20. Nd2 Ne5 21. Qb3 Bd5 22. Qc2 f5 23. Nb3 Nd3 24. Na5 c4 25. Ra4 Qc5 26. b4 cxb3 27. Nxb3 Qxc3 28. Qxc3 Bxc3 29. Nd4 Nb2 30. Be5+ Kg8 31. Rxa7 Rf7 32. Rxf7 Bxf7 33. Rc1 Bxd4 34. Bxd4 Nd3 35. Rc7 Nf4 36. Bb5 Ne6 37. Rd7 Rxd7 38. Bxd7 Nxd4 39. exd4 Bc4 40. Bc6 Kf7 41. f3 e3 42. f4 Ke6 43. g3 Kd6 44. Bf3 Bd5 45. Be2 Be6 46. Bf3 Bd5 47. Be2 Bb3 48. Bf3 Bc4 49. h4 h5 50. Kh2 Bf1 51. Kg1 Bh3 52. Bh1 Bg4 53. Kf1 Bd1 54. Ke1 Bg4 55. Bg2 1/2-1/2

[Event "Titled Tuesday intern Qual4 25th April"]
[Site "Chess.com INT"]
[Date "2017.04.25"]
[Round "4"]
[White "Chirila, Ioan Cristian"]
[Black "Sorokobjagin, Sergey"]
[Result "1/2-1/2"]
[WhiteElo "2536"]
[BlackElo "2253"]
[PlyCount "147"]
[EventDate "2017.04.25"]
[EventType "swiss (blitz)"]
[EventRounds "10"]
[EventCountry "USA"]
[SourceTitle "EXT 2021"]
[Source "ChessBase"]
[SourceDate "2020.10.23"]
[SourceVersion "1"]
[SourceVersionDate "2020.10.23"]
[SourceQuality "1"]

1. Nf3 Nf6 2. g3 d5 3. Bg2 c6 4. c4 Bf5 5. 0-0 e6 6. b3 h6 7. Bb2 Be7 8. d3 0-0 9. Nbd2 Nbd7 10. Re1 Bh7 11. Nd4 a5 12. a3 Qb6 13. Bc3 Rfd8 14. Rb1 Bxa3 15. Nc2 Bc5 16. d4 Be7 17. c5 Qc7 18. e4 dxe4 19. Ne3 Nd5 20. Ba1 f5 21. Ndc4 e5 22. Qh5 N7f6 23. Qh3 Nxe3 24. fxe3 exd4 25. Bxd4 Ng4 26. Bxe4 Nxe3 27. Bxe3 fxe4 28. Qe6+ Kh8 29. Ne5 Rf8 30. Nf7+ Kg8 31. Nxh6+ Kh8 32. Nf7+ Kg8 33. Nh6+ Kh8 34. Nf7+ Kg8 35. Ng5+ Kh8 36. Nxh7 Kxh7 37. Qxe4+ Kh8 38. Rbd1 Rae8 39. Qg6 Bf6 40. Bf4 Rxe1+ 41. Rxe1 Qd7 42. Bd6 Qf7 43. Qxf7 Rxf7 44. Re8+ Kh7 45. Re4 Rd7 46. Ra4 b6 47. Kg2 Bd8 48. Re4 bxc5 49. Bxc5 Rd3 50. Re3 Rxe3 51. Bxe3 Kg6 52. Kf3 Kf5 53. Bd4 g6 54. h4 Ke6 55. Kg4 Kd5 56. Bg7 c5 57. h5 gxh5+ 58. Kxh5 c4 59. bxc4+ Kxc4 60. g4 a4 61. g5 a3 62. g6 Be7 63. Kh6 a2 64. Ba1 Bf8+ 65. Kh7 Kb3 66. Kg8 Bh6 67. Kh7 Bf8 68. Kg8 Bh6 69. Kh7 Bf8 70. g7 Bxg7 71. Kxg7 Kc2 72. Bf6 Kb1 73. Kg6 a1Q 74. Bxa1 1/2-1/2